000 00578nam a2200169Ia 4500
003 GCL
008 140319s9999 xx 000 0 ara d
040 _aGCL /
_cGCL
082 0 4 _a346.07
_bع ش
100 1 _aعلى حسن يونس
245 1 0 _aالشركات التجارية:شركات المساهمة والتوصية بالاسهم والشركات ذات المسئولية المحدودة /
_cعلى حسن يونس
260 _a[S.N] :
_bفؤاد هاشم الكتبى ،
_c1991
300 _a711 ص
490 _a
650 0 4 _aالقانون
942 _2ddc
_cBK
999 _c32368
_d32368